| 000 | 00000nam##2200000za#4500 |
| 001 | 9.688485 |
| 003 | CaOODSP |
| 005 | 20210624231439 |
| 007 | cr ||||||||||| |
| 008 | 150407|2000||||xxc|||||o f|0| 0 eng|d |
| 040 | |aCaOODSP|beng |
| 043 | |an-cn--- |
| 086 | 1 |aSW21-87/2001E-PDF |
| 110 | 1 |aCanada. |bStatus of Women Canada. |
| 245 | 10|aInternational trade policy : a primer / |h[electronic resource]|c[by] Kathleen Macmillan. |
| 260 | |aOttawa - Ontario : |bStatus of Women Canada |c2000. |
| 300 | |a40p.|bglossary |
| 500 | |aThe catalogue number and ISBN for the print edition have been incorrectly copied in this electronic publication. |
| 504 | |aBibliography. |
| 590 | |a06-10-Supp|b2006-12-15 |
| 690 | 07|aFree trade|2gcpds |
| 690 | 07|aInternational trade|2gcpds |
| 690 | 07|aStatus of women|2gcpds |
| 690 | 07|aTrade policy|2gcpds |
| 720 | 1 |aMacmillan, Kathleen |
| 775 | 08|tPolitique internationale en matière de commerce : une introduction / |w(CaOODSP)9.632910 |
| 776 | 0#|tInternational trade policy: a primer / |w(CaOODSP)9.663343 |
| 776 | 0#|tPolitique internationale en matière de commerce: une introduction / |w(CaOODSP)9.663344 |
| 856 | 40|ahttp://publications.gc.ca|qPDF|s468 KB|uhttps://publications.gc.ca/collections/Collection/SW21-87-2001E.pdf |